রবীন্দ্র-সৃষ্টি-সমীক্ষা / (Record no. 71272)
[ view plain ]
| 000 -LEADER | |
|---|---|
| fixed length control field | 01584nam a2200289 a 4500 |
| 001 - CONTROL NUMBER | |
| control field | 71272 |
| 003 - CONTROL NUMBER IDENTIFIER | |
| rucl marc code | BD-RjUL |
| 005 - DATE AND TIME OF LATEST TRANSACTION | |
| control field | 20211209082109.0 |
| 008 - FIXED-LENGTH DATA ELEMENTS--GENERAL INFORMATION | |
| fixed length control field | 170430s1971 ii ||||| |||| 001 0 ben d |
| 020 ## - INTERNATIONAL STANDARD BOOK NUMBER | |
| Terms of availability | : TK. 150.00 |
| 035 ## - SYSTEM CONTROL NUMBER | |
| System control number | (BD-RjUL)71487 |
| 040 ## - CATALOGING SOURCE | |
| Original cataloging agency | BD-RjUL |
| Language of cataloging | ben |
| Transcribing agency | BD-RjUL |
| Modifying agency | BD-RjUL |
| 041 ## - LANGUAGE CODE | |
| Language code of text/sound track or separate title | ben |
| 082 ## - DEWEY DECIMAL CLASSIFICATION NUMBER | |
| Edition number | 23 |
| Classification number | 891.441409 |
| Author mark and year | BAR 1971 |
| 100 ## - MAIN ENTRY--PERSONAL NAME | |
| Personal name | বন্দ্যোপাধ্যায়, কুমার |
| 9 (RLIN) | 135388 |
| 245 ## - TITLE STATEMENT | |
| Title | রবীন্দ্র-সৃষ্টি-সমীক্ষা / |
| Statement of responsibility, etc. | কুমার বন্দ্যোপাধ্যায়; ভূমিকা, সুবোধচন্দ্র সেনগুপ্ত; গ্রন্থ পরিচিতি, অসিতকুমার বন্দ্যোপাধ্যায় |
| 250 ## - EDITION STATEMENT | |
| Edition statement | ২য় সং. পরিবর্ধিত ও পরিমার্জিত |
| 260 ## - PUBLICATION, DISTRIBUTION, ETC. (IMPRINT) | |
| Place of publication, distribution, etc. | কলিকাতা : |
| Name of publisher, distributor, etc. | ওরিয়েন্ট বুক, |
| Date of publication, distribution, etc. | ১৯৭১. |
| 300 ## - PHYSICAL DESCRIPTION | |
| Pagination | খন্ড. ; |
| Size | ২২ সেমি. |
| 500 ## - GENERAL NOTE | |
| General note | নির্ঘন্ট সংযুক্ত. |
| 505 ## - FORMATTED CONTENTS NOTE | |
| Formatted contents note | খন্ড.-১-- |
| 600 ## - SUBJECT ADDED ENTRY--PERSONAL NAME | |
| Personal name | ঠাকুর, রবীন্দ্রনাথ |
| Dates associated with a name | ১৮৬১-১৯৪১ |
| General subdivision | সমালোচনা এবং ব্যাখ্যা |
| Personal name | Tagore, Robindronath |
| Dates associated with a name | 1841-1941 |
| General subdivision | Criticism and interpretation |
| 700 ## - ADDED ENTRY--PERSONAL NAME | |
| Personal name | সেনগুপ্ত, সুবোধচন্দ্র |
| Personal name | বন্দ্যোপাধ্যায়, অসিতকুমার |
| 942 ## - ADDED ENTRY ELEMENTS (KOHA) | |
| Source of classification or shelving scheme | Dewey Decimal Classification |
| Koha item type | Books |
| Lost status | Source of classification or shelving scheme | Damaged status | Not for loan | Collection code | Permanent Location | Current Location | Shelving location | Date acquired | Source of acquisition | Cost, normal purchase price | Total Checkouts | Full call number | Date last seen | Copy number | Koha item type |
|---|---|---|---|---|---|---|---|---|---|---|---|---|---|---|---|
| Dewey Decimal Classification | Not For Loan | Non-fiction | Central Library, University of Rajshahi | Central Library, University of Rajshahi | Reading Room | 09/12/2021 | Paragon Enterprises, Dhaka | 150.00 | B 891.441409 BAR V-1 1971 | 30/04/2017 | C-1 | Books |